Chapter 6 Problem-based Learning in International Online Groups (Record no. 33974)
[ view plain ]
| 000 -LEADER | |
|---|---|
| fixed length control field | 00852nam a2200121Ia 4500 |
| 008 - FIXED-LENGTH DATA ELEMENTS--GENERAL INFORMATION | |
| fixed length control field | 220620s9999||||xx |||||||||||||| ||und|| |
| 100 ## - MAIN ENTRY--PERSONAL NAME | |
| Personal name | Creelman, Alastair||Kvarnström, Maria||Pareigis, Jörg||Uhlin, Lars||Åbjörnsson, Lotta |
| 245 #0 - TITLE STATEMENT | |
| Title | Chapter 6 Problem-based Learning in International Online Groups |
| 546 ## - LANGUAGE NOTE | |
| Language note | English[eng] |
| 650 ## - SUBJECT ADDED ENTRY--TOPICAL TERM | |
| Topical term or geographic name entry element | Stefan Hrastinski, Alastair Creelman, Maria Kvarnström, Jörg Pareigis, Lars Uhlin, Lotta Åbjörnsson, Designing Courses with Digital Technologies, open learning, higher education, PBL, online teaching and learning, collaborative learning, networked learning, personal learning network, PLN, course evaluation, online course design, synchronous, asynchronous |
| 856 ## - ELECTRONIC LOCATION AND ACCESS | |
| Uniform Resource Identifier | <a href="https://library.oapen.org/bitstream/20.500.12657/50928/1/9781003144175_10.4324_9781003144175-9.pdf">https://library.oapen.org/bitstream/20.500.12657/50928/1/9781003144175_10.4324_9781003144175-9.pdf</a> |
| 942 ## - ADDED ENTRY ELEMENTS (KOHA) | |
| Koha item type | E-Books |
| Withdrawn status | Lost status | Damaged status | Not for loan | Home library | Current library | Date acquired | Total Checkouts | Date last seen | Price effective from | Koha item type |
|---|---|---|---|---|---|---|---|---|---|---|
| Kerala University of Digital Sciences, Innovation and Technology Knowledge Centre | Kerala University of Digital Sciences, Innovation and Technology Knowledge Centre | 20/06/2022 | 20/06/2022 | 20/06/2022 | E-Books |